|
|
|
|
| LEADER |
00799pam a22002178a 4500 |
| 001 |
00000348 |
| 005 |
20171026081022.0 |
| 008 |
110321s1995 ||||||viesd |
| 041 |
0 |
# |
|a vie
|
| 082 |
1 |
4 |
|a 895.922 803
|b B101H
|
| 110 |
1 |
# |
|a Nhiều tác giả
|
| 245 |
0 |
0 |
|a Bác Hồ về nước
|b Hồi ký (Triều Ân tuyển chọn)
|
| 260 |
# |
# |
|a H.
|b Văn học
|c 1995.
|
| 300 |
# |
# |
|a 446 tr.
|c 19 cm.
|
| 650 |
# |
4 |
|a Hồ Chí Minh
|
| 653 |
# |
# |
|a Hồ Chí Minh
|a Việt Nam
|a Văn học hiện đại
|
| 852 |
# |
# |
|b Kho mượn
|j KM.0000939, KM.0001428, KM.0004656
|
| 852 |
# |
# |
|b Kho đọc
|j KD.0000581
|
| 852 |
# |
# |
|j KD.0000581
|j KM.0000939
|j KM.0004656
|j KM.0001428
|
| 910 |
|
|
|d 21/03/2011
|
| 980 |
# |
# |
|a Trung tâm Học liệu Lê Vũ Hùng, Trường Đại học Đồng Tháp
|